LEADER 00896nam a2200241 4500 001 000000340149 003 CaOOAMICUS 005 20200513000000.0 008 200513s2009 it 000 u ita r 020 $a978-88-8112-301-8 040 $aSeMil$bita 100 1 $aBruno, Vito.$0(OLS)http://semarc/name/111316 245 13$aIl ragazzo che credeva in Dio /$cVito Bruno. 264 1$aRoma :$bFazi,$c2009. 300 $a407 p. ;$c21 cm 830 3$aLe strade ;$v146.$0(OLS)http://semarc/title/429155 850 $aSeMil 852 $aSeMil$W1$xVenegono$y1$m1A IV 153$j221265$B231279$CSeMilBibl$Z2$F231279 $81 961 $aBraccini Annamaria - Omaggio 996 $6020$a978-88-8112-301-8$9(OLS)http://semarc/number/290298 996 $6245$aIl ragazzo che credeva in Dio$9(OLS)http://semarc/title/429156 996 $6264$aRoma :$bFazi$9(OLS)http://semarc/publisher/33210 LEADER 01076nam a2200205 i 4500 001 000000190734 003 CaOOAMICUS 005 20100630000000.0 008 100630s1905 it u000 u fre u 013 $a169183 040 $aSeMil$bita 100 1 $aSuau, Pierre.$0(OLS)http://semarc/name/67649 245 13$aLa Mère Marie De Jésus Emilie d'Oultremont Barone D'hooghvorst (1818-1878) :$bFondatrice de la société de Marie Réparatrice /$cpar le P. Pierre Suau. 260 $aRome :$bDesclée, Lefebvre e C., Ed.,$c1905. 300 $a444 p., [2] p. di ritratto ;$c22 cm. 600 14$aMaria : di Gesù .$0(OLS)http://semarc/subject/21802 850 $aSeMil 852 $aSeMil$W1$xVenegono$y1$m3H IV 100$j141351$B141351$CSeMilBibl$Z2$F152908 $81 996 $6245$aLa Mère Marie De Jésus Emilie d'Oultremont Barone D'hooghvorst (1818-1878) :$bFondatrice de la société de Marie Réparatrice$9(OLS)http://semarc/title/274813 996 $6260$aRome :$bDesclée, Lefebvre e C., Ed.$9(OLS)http://semarc/publisher/50227